000 00329nam a22001337a 4500
008 170727b xxu||||| |||| 00| 0 eng d
020 _a
041 _aeng
080 _a004
100 _a31
101 _aSHK
245 _aUSING DATA TO IMPROVE STUDENT ACHIEVEMENT
_cWAHLSTROM,D
942 _2udc
_cBK
999 _c22000
_d22000